| 000 | 00400nam a22001457a 4500 | ||
|---|---|---|---|
| 008 | 250707b |||||||| |||| 00| 0 eng d | ||
| 020 | _a0256166013 | ||
| 050 |
_aHD62 _b.B35 |
||
| 100 | _aBALL Donald A. | ||
| 245 | _aInternational Business: The Challenge of Global Competition | ||
| 250 | _a6 | ||
| 260 |
_aUSA. _bTimes Mirror Higher Education Group Inc. _c1982 |
||
| 300 | _axxv, 773p. | ||
| 942 | _cBK | ||
| 999 |
_c4174 _d4174 |
||